<?xml version="1.0" encoding="UTF-8"?>
<collection xmlns="http://www.loc.gov/MARC21/slim">
 <record>
  <leader>02822nam a2200337   4500</leader>
  <controlfield tag="001">NCT_12500</controlfield>
  <controlfield tag="008">171028b        xxu||||| |||| 00| 0 vie d</controlfield>
  <datafield tag="999" ind1=" " ind2=" ">
   <subfield code="c">595</subfield>
   <subfield code="d">595</subfield>
  </datafield>
  <datafield tag="020" ind1=" " ind2=" ">
   <subfield code="c">65000</subfield>
  </datafield>
  <datafield tag="082" ind1="0" ind2="4">
   <subfield code="2">23rd ed.</subfield>
   <subfield code="a">346.043</subfield>
   <subfield code="b">Đ103</subfield>
  </datafield>
  <datafield tag="100" ind1="1" ind2=" ">
   <subfield code="a">Đỗ Văn Đại</subfield>
   <subfield code="e">Chủ biên</subfield>
  </datafield>
  <datafield tag="245" ind1="1" ind2="0">
   <subfield code="a">Giao dịch và giải quyết tranh chấp giao dịch về quyền sử dụng đất :</subfield>
   <subfield code="b">Sách chuyên khảo</subfield>
   <subfield code="c">Đỗ Văn Đại (chủ biên)</subfield>
  </datafield>
  <datafield tag="260" ind1=" " ind2=" ">
   <subfield code="a">H.</subfield>
   <subfield code="b">Lao động</subfield>
   <subfield code="c">2012</subfield>
  </datafield>
  <datafield tag="300" ind1=" " ind2=" ">
   <subfield code="a">401 tr.</subfield>
   <subfield code="c">21 cm</subfield>
  </datafield>
  <datafield tag="520" ind1="3" ind2=" ">
   <subfield code="a">Sách trình bày những quy định hiện hành và hướng hoàn thiện các quy định này liên quan đến thẩm quyền của Tòa án cũng như chứng cứ khi giải quyết các tranh chấp về giao dịch quyền sử dụng đất.</subfield>
  </datafield>
  <datafield tag="653" ind1=" " ind2=" ">
   <subfield code="a">Luật học</subfield>
  </datafield>
  <datafield tag="700" ind1=" " ind2=" ">
   <subfield code="a">Đỗ Thành Công</subfield>
  </datafield>
  <datafield tag="700" ind1="1" ind2=" ">
   <subfield code="a">Nguyễn Hải An</subfield>
  </datafield>
  <datafield tag="942" ind1=" " ind2=" ">
   <subfield code="2">ddc</subfield>
   <subfield code="c">BK</subfield>
  </datafield>
  <datafield tag="952" ind1=" " ind2=" ">
   <subfield code="0">0</subfield>
   <subfield code="1">0</subfield>
   <subfield code="2">ddc</subfield>
   <subfield code="4">0</subfield>
   <subfield code="6">346_043000000000000_Đ103</subfield>
   <subfield code="7">0</subfield>
   <subfield code="9">4346</subfield>
   <subfield code="a">000001</subfield>
   <subfield code="b">000001</subfield>
   <subfield code="d">2017-11-27</subfield>
   <subfield code="o">346.043 Đ103</subfield>
   <subfield code="p"> MD.02971</subfield>
   <subfield code="r">2017-11-27</subfield>
   <subfield code="v">65000.00</subfield>
   <subfield code="w">2017-11-27</subfield>
   <subfield code="y">BK</subfield>
  </datafield>
  <datafield tag="952" ind1=" " ind2=" ">
   <subfield code="0">0</subfield>
   <subfield code="1">0</subfield>
   <subfield code="2">ddc</subfield>
   <subfield code="4">0</subfield>
   <subfield code="6">346_043000000000000_Đ103</subfield>
   <subfield code="7">0</subfield>
   <subfield code="9">4347</subfield>
   <subfield code="a">000001</subfield>
   <subfield code="b">000001</subfield>
   <subfield code="d">2017-11-27</subfield>
   <subfield code="o">346.043 Đ103</subfield>
   <subfield code="p"> MD.02972</subfield>
   <subfield code="r">2017-11-27</subfield>
   <subfield code="v">65000.00</subfield>
   <subfield code="w">2017-11-27</subfield>
   <subfield code="y">BK</subfield>
  </datafield>
  <datafield tag="952" ind1=" " ind2=" ">
   <subfield code="0">0</subfield>
   <subfield code="1">0</subfield>
   <subfield code="2">ddc</subfield>
   <subfield code="4">0</subfield>
   <subfield code="6">346_043000000000000_Đ103</subfield>
   <subfield code="7">0</subfield>
   <subfield code="9">4348</subfield>
   <subfield code="a">000001</subfield>
   <subfield code="b">000001</subfield>
   <subfield code="d">2017-11-27</subfield>
   <subfield code="o">346.043 Đ103</subfield>
   <subfield code="p"> MD.02973</subfield>
   <subfield code="r">2017-11-27</subfield>
   <subfield code="v">65000.00</subfield>
   <subfield code="w">2017-11-27</subfield>
   <subfield code="y">BK</subfield>
  </datafield>
  <datafield tag="952" ind1=" " ind2=" ">
   <subfield code="0">0</subfield>
   <subfield code="1">0</subfield>
   <subfield code="2">ddc</subfield>
   <subfield code="4">0</subfield>
   <subfield code="6">346_043000000000000_Đ103</subfield>
   <subfield code="7">0</subfield>
   <subfield code="9">4349</subfield>
   <subfield code="a">000001</subfield>
   <subfield code="b">000001</subfield>
   <subfield code="d">2017-11-27</subfield>
   <subfield code="o">346.043 Đ103</subfield>
   <subfield code="p"> MD.02974</subfield>
   <subfield code="r">2017-11-27</subfield>
   <subfield code="v">65000.00</subfield>
   <subfield code="w">2017-11-27</subfield>
   <subfield code="y">BK</subfield>
  </datafield>
  <datafield tag="952" ind1=" " ind2=" ">
   <subfield code="0">0</subfield>
   <subfield code="1">0</subfield>
   <subfield code="2">ddc</subfield>
   <subfield code="4">0</subfield>
   <subfield code="6">346_043000000000000_Đ103</subfield>
   <subfield code="7">0</subfield>
   <subfield code="9">4350</subfield>
   <subfield code="a">000001</subfield>
   <subfield code="b">000001</subfield>
   <subfield code="d">2017-11-27</subfield>
   <subfield code="o">346.043 Đ103</subfield>
   <subfield code="p"> MD.02975</subfield>
   <subfield code="r">2017-11-27</subfield>
   <subfield code="v">65000.00</subfield>
   <subfield code="w">2017-11-27</subfield>
   <subfield code="y">BK</subfield>
  </datafield>
  <datafield tag="952" ind1=" " ind2=" ">
   <subfield code="0">0</subfield>
   <subfield code="1">0</subfield>
   <subfield code="2">ddc</subfield>
   <subfield code="4">0</subfield>
   <subfield code="6">346_043000000000000_Đ103</subfield>
   <subfield code="7">0</subfield>
   <subfield code="9">4352</subfield>
   <subfield code="a">000001</subfield>
   <subfield code="b">000001</subfield>
   <subfield code="d">2017-11-27</subfield>
   <subfield code="l">1</subfield>
   <subfield code="o">346.043 Đ103</subfield>
   <subfield code="p">MD.02977</subfield>
   <subfield code="r">2020-09-23</subfield>
   <subfield code="s">2020-09-23</subfield>
   <subfield code="v">65000.00</subfield>
   <subfield code="w">2017-11-27</subfield>
   <subfield code="y">BK</subfield>
  </datafield>
  <datafield tag="952" ind1=" " ind2=" ">
   <subfield code="0">0</subfield>
   <subfield code="1">0</subfield>
   <subfield code="2">ddc</subfield>
   <subfield code="4">0</subfield>
   <subfield code="6">346_043000000000000_Đ103</subfield>
   <subfield code="7">0</subfield>
   <subfield code="9">4353</subfield>
   <subfield code="a">000001</subfield>
   <subfield code="b">000001</subfield>
   <subfield code="d">2017-11-27</subfield>
   <subfield code="o">346.043 Đ103</subfield>
   <subfield code="p"> MD.02978</subfield>
   <subfield code="r">2017-11-27</subfield>
   <subfield code="v">65000.00</subfield>
   <subfield code="w">2017-11-27</subfield>
   <subfield code="y">BK</subfield>
  </datafield>
  <datafield tag="952" ind1=" " ind2=" ">
   <subfield code="0">0</subfield>
   <subfield code="1">0</subfield>
   <subfield code="2">ddc</subfield>
   <subfield code="4">0</subfield>
   <subfield code="6">346_043000000000000_Đ103</subfield>
   <subfield code="7">0</subfield>
   <subfield code="9">4354</subfield>
   <subfield code="a">000001</subfield>
   <subfield code="b">000001</subfield>
   <subfield code="d">2017-11-27</subfield>
   <subfield code="l">1</subfield>
   <subfield code="o">346.043 Đ103</subfield>
   <subfield code="p">MD.01257</subfield>
   <subfield code="r">2020-09-23</subfield>
   <subfield code="s">2020-09-23</subfield>
   <subfield code="v">65000.00</subfield>
   <subfield code="w">2017-11-27</subfield>
   <subfield code="y">BK</subfield>
  </datafield>
  <datafield tag="952" ind1=" " ind2=" ">
   <subfield code="0">0</subfield>
   <subfield code="1">0</subfield>
   <subfield code="2">ddc</subfield>
   <subfield code="4">0</subfield>
   <subfield code="6">346_043000000000000_Đ103</subfield>
   <subfield code="7">0</subfield>
   <subfield code="9">4355</subfield>
   <subfield code="a">000001</subfield>
   <subfield code="b">000001</subfield>
   <subfield code="d">2017-11-27</subfield>
   <subfield code="l">2</subfield>
   <subfield code="o">346.043 Đ103</subfield>
   <subfield code="p">MD.02406</subfield>
   <subfield code="r">2019-11-18</subfield>
   <subfield code="s">2019-11-05</subfield>
   <subfield code="v">65000.00</subfield>
   <subfield code="w">2017-11-27</subfield>
   <subfield code="y">BK</subfield>
  </datafield>
  <datafield tag="952" ind1=" " ind2=" ">
   <subfield code="0">0</subfield>
   <subfield code="1">0</subfield>
   <subfield code="2">ddc</subfield>
   <subfield code="4">0</subfield>
   <subfield code="6">346_043000000000000_Đ103</subfield>
   <subfield code="7">0</subfield>
   <subfield code="9">16561</subfield>
   <subfield code="a">000001</subfield>
   <subfield code="b">000001</subfield>
   <subfield code="d">2019-04-11</subfield>
   <subfield code="l">1</subfield>
   <subfield code="o">346.043 Đ103</subfield>
   <subfield code="p">MD.02976</subfield>
   <subfield code="q">2019-04-25</subfield>
   <subfield code="r">2019-04-11</subfield>
   <subfield code="s">2019-04-11</subfield>
   <subfield code="v">65000.00</subfield>
   <subfield code="w">2019-04-11</subfield>
   <subfield code="y">BK</subfield>
  </datafield>
  <datafield tag="952" ind1=" " ind2=" ">
   <subfield code="0">0</subfield>
   <subfield code="1">0</subfield>
   <subfield code="2">ddc</subfield>
   <subfield code="4">0</subfield>
   <subfield code="6">346_043000000000000_Đ103</subfield>
   <subfield code="7">0</subfield>
   <subfield code="9">21156</subfield>
   <subfield code="a">000001</subfield>
   <subfield code="b">000001</subfield>
   <subfield code="d">2021-04-05</subfield>
   <subfield code="l">1</subfield>
   <subfield code="o">346.043 Đ103</subfield>
   <subfield code="p">MD.02975</subfield>
   <subfield code="r">2021-04-12</subfield>
   <subfield code="s">2021-04-05</subfield>
   <subfield code="v">65000.00</subfield>
   <subfield code="w">2021-04-05</subfield>
   <subfield code="y">BK</subfield>
  </datafield>
  <datafield tag="980" ind1=" " ind2=" ">
   <subfield code="a">Thư viện Trường Đại học Nam Cần Thơ</subfield>
  </datafield>
 </record>
</collection>
